Normal view
MARC view
- الاثار-الاردن-المدن-السياحة
Entry Topical Term
001 - CONTROL NUMBER
- control field: 59642
003 - CONTROL NUMBER IDENTIFIER
- control field: JO-AjAnu
005 - DATE AND TIME OF LATEST TRANSACTION
- control field: 20230606083742.0
008 - FIXED-LENGTH DATA ELEMENTS
- fixed length control field: 230606|| aca||aabn | a|a d
040 ## - CATALOGING SOURCE
- Original cataloging agency: JO-AjAnu
- Transcribing agency: JO-AjAnu
150 ## - HEADING--TOPICAL TERM
- Topical term or geographic name entry element: الاثار-الاردن-المدن-السياحة
670 ## - SOURCE DATA FOUND
- Source citation: Work cat.: (JO-AjAnu)30417: تاليف عبوي، زيد منير, author 59641, وردية الاردن البتراء الزاهرة